Vector analysis with applications (Record no. 7970)
[ view plain ]
| 000 -LEADER | |
|---|---|
| fixed length control field | 00491nam a22001937a 4500 |
| 001 - CONTROL NUMBER | |
| control field | 7970 |
| 003 - CONTROL NUMBER IDENTIFIER | |
| control field | BD-DhUET |
| 008 - FIXED-LENGTH DATA ELEMENTS--GENERAL INFORMATION | |
| fixed length control field | 141221b xxu||||| |||| 00| 0 eng d |
| 040 ## - CATALOGING SOURCE | |
| Transcribing agency | 0 |
| Modifying agency | BD-DhUET |
| 082 ## - DEWEY DECIMAL CLASSIFICATION NUMBER | |
| Classification number | 516.83 |
| Item number | ALI/1977 |
| 100 ## - MAIN ENTRY--PERSONAL NAME | |
| Personal name | Ali Ashraf |
| 245 ## - TITLE STATEMENT | |
| Title | Vector analysis with applications |
| Statement of responsibility, etc. | by Ali Ashraf |
| 250 ## - EDITION STATEMENT | |
| Edition statement | 1st ed. |
| 260 ## - PUBLICATION, DISTRIBUTION, ETC. (IMPRINT) | |
| Place of publication, distribution, etc. | Dhaka |
| Name of publisher, distributor, etc. | Hafiz book centre |
| Date of publication, distribution, etc. | 1977 |
| 300 ## - PHYSICAL DESCRIPTION | |
| Extent | 340[2]p. |
| Other physical details | ill. |
| 650 #0 - SUBJECT ADDED ENTRY--TOPICAL TERM | |
| Topical term or geographic name as entry element | Vector analysis |
| 700 ## - ADDED ENTRY--PERSONAL NAME | |
| Personal name | Abdul Khaleq Hazra, Md. |
| 942 ## - ADDED ENTRY ELEMENTS (KOHA) | |
| Koha item type | General Book |
| Damaged status | Koha full call number | Copy number | Koha issues (times borrowed) | Lost status | Koha normalized classification for sorting | Source of classification or shelving scheme | Location (home branch) | Koha item type | Koha date last seen | Piece designation (barcode) | Sublocation or collection (holding branch) | Date acquired | Price effective from | Koha date last borrowed | Koha out on loan | Shelving location | Not for loan | Withdrawn status |
|---|---|---|---|---|---|---|---|---|---|---|---|---|---|---|---|---|---|---|
| 516.83/ALI/1977 | 1 | 13 | 516_830000000000000_ALI_1977 | Central Library, BUET | General Book | 2025-11-09 | 48782 | Central Library, BUET | 2014-12-21 | 2014-12-21 | 2023-09-26 | Circulation section | ||||||
| 516.83/ALI/1977 | 2 | 9 | 516_830000000000000_ALI_1977 | Central Library, BUET | General Book | 2024-02-04 | 48785 | Central Library, BUET | 2015-03-31 | 2015-03-31 | 2024-02-04 | 2024-02-18 | Circulation section | |||||
| 516.83/ALI/1977 | 3 | 516_830000000000000_ALI_1977 | Central Library, BUET | General Book | 2015-06-07 | 56215 | Central Library, BUET | 2015-06-07 | 2015-06-07 | Reading section | ||||||||
| 516.83/ALI/1977 | 4 | 516_830000000000000_ALI_1977 | Central Library, BUET | General Book | 2015-06-07 | 56213 | Central Library, BUET | 2015-06-07 | 2015-06-07 | Reading section | ||||||||
| 516.83/ALI/1977 | 5 | 516_830000000000000_ALI_1977 | Central Library, BUET | General Book | 2015-06-07 | 56216 | Central Library, BUET | 2015-06-07 | 2015-06-07 | Reading section | ||||||||
| 516.83/ALI/1977 | 6 | 516_830000000000000_ALI_1977 | Central Library, BUET | General Book | 2015-06-07 | 56218 | Central Library, BUET | 2015-06-07 | 2015-06-07 | Reading section | ||||||||
| 516.83/ALI/1977 | 7 | 1 | 516_830000000000000_ALI_1977 | Central Library, BUET | General Book | 2025-11-09 | 56212 | Central Library, BUET | 2015-07-12 | 2015-07-12 | 2024-10-23 | Circulation section |